[Event "Altenkirchen Seniors op 19th"]
[Site "Altenkirchen"]
[Date "2022.07.22"]
[Round "4"]
[White "Nelles, Werner"]
[Black "Kurpiela, Franz"]
[Result "0-1"]
[WhiteElo "1370"]
[BlackElo "1782"]
[PlyCount "48"]
[EventDate "2022.07.19"]
[EventType "swiss"]
[EventRounds "9"]
[EventCountry "GER"]
[SourceTitle "CBM 209 Extra"]
[Source "ChessBase"]
[SourceDate "2022.09.30"]
[SourceVersion "1"]
[SourceVersionDate "2022.09.30"]
[SourceQuality "1"]

1. c4 Nf6 2. Nc3 e6 3. b3 d5 4. e3 Nc6 5. Bb2 d4 6. Nb5 e5 7. Nf3 a6 8. Na3 Bg4 9. h3 Bh5 10. g4 Bg6 11. Nh4 dxe3 12. Nxg6 exf2+ 13. Kxf2 hxg6 14. d3 Bc5+ 15. Kg3 Qd6 16. Kg2 Bxa3 17. Bxa3 Qxa3 18. Be2 Nd4 19. g5 Nh5 20. Bxh5 Rxh5 21. h4 Qb2+ 22. Kg3 Nf5+ 23. Kf3 Nxh4+ 24. Rxh4 Rxh4 0-1

[Event "Altenkirchen Seniors op 19th"]
[Site "Altenkirchen"]
[Date "2022.07.21"]
[Round "3"]
[White "Hansult, Manfred"]
[Black "Nelles, Werner"]
[Result "1-0"]
[WhiteElo "1838"]
[BlackElo "1370"]
[PlyCount "93"]
[EventDate "2022.07.19"]
[EventType "swiss"]
[EventRounds "9"]
[EventCountry "GER"]
[SourceTitle "CBM 209 Extra"]
[Source "ChessBase"]
[SourceDate "2022.09.30"]
[SourceVersion "1"]
[SourceVersionDate "2022.09.30"]
[SourceQuality "1"]

1. d4 Nf6 2. Nf3 g6 3. e3 Bg7 4. Be2 d6 5. 0-0 b6 6. b3 Bb7 7. Bb2 0-0 8. c4 Ne4 9. Nbd2 f5 10. Nxe4 fxe4 11. Nd2 e5 12. d5 Nd7 13. Nxe4 Nc5 14. Nxc5 bxc5 15. f4 exf4 16. Bxg7 Kxg7 17. exf4 Qe7 18. Qd2 Rae8 19. Rae1 Qe3+ 20. Qxe3 Rxe3 21. g3 Rfe8 22. Kf2 Bc8 23. Bd3 Rxe1 24. Rxe1 Rxe1 25. Kxe1 h5 26. Kf2 Kf6 27. Kg2 Bf5 28. Bxf5 Kxf5 29. Kf3 g5 30. fxg5 Kxg5 31. h3 Kf5 32. g4+ hxg4+ 33. hxg4+ Kg5 34. Kg3 Kg6 35. Kf4 Kf6 36. g5+ Kg6 37. Kg4 Kg7 38. Kf5 Kf7 39. g6+ Kg7 40. Kg5 Kg8 41. Kf6 Kf8 42. g7+ Kg8 43. Kg6 a6 44. a3 a5 45. a4 c6 46. dxc6 d5 47. c7 1-0

[Event "GER Cup Net V4 U1600"]
[Site "Playchess.com INT"]
[Date "2020.05.31"]
[Round "1"]
[White "Nelles, Werner"]
[Black "Klemens, Peter"]
[Result "0-1"]
[WhiteElo "1428"]
[BlackElo "1672"]
[PlyCount "112"]
[EventDate "2020.05.31"]
[EventType "swiss (blitz)"]
[EventRounds "9"]
[EventCountry "GER"]
[SourceTitle "EXT 2021"]
[Source "ChessBase"]
[SourceDate "2020.10.23"]
[SourceVersion "1"]
[SourceVersionDate "2020.10.23"]
[SourceQuality "1"]

1. e4 c6 2. Nf3 d5 3. e5 Bf5 4. d3 e6 5. Bf4 Ne7 6. Be2 Ng6 7. g3 Nxf4 8. gxf4 Be7 9. Nbd2 Nd7 10. c3 Qc7 11. Qb3 Nc5 12. Qc2 Nd7 13. 0-0-0 0-0-0 14. a3 Kb8 15. Nd4 Bg6 16. h4 h6 17. h5 Bh7 18. N2b3 Rhg8 19. Kb1 Bc5 20. Nxc5 Nxc5 21. b4 Nd7 22. Bg4 a6 23. Ka1 Nb6 24. a4 Nc4 25. Qb3 Nb6 26. a5 Nd7 27. Be2 Rc8 28. Rc1 c5 29. bxc5 Nxc5 30. Qb4 Nxd3 31. Bxd3 Bxd3 32. Qd6 Qxd6 33. exd6 Rcd8 34. Rhd1 Bc4 35. Rd2 Rxd6 36. Rb2 Rc8 37. f5 e5 38. Nf3 f6 39. Rb4 Rc5 40. Kb2 Rxa5 41. Ra1 Rxa1 42. Kxa1 Ka7 43. Kb2 Rb6 44. Rxb6 Kxb6 45. Ka3 Be2 46. Nd2 Bxh5 47. Kb4 Bg4 48. f3 Bxf5 49. Nb3 e4 50. fxe4 dxe4 51. Nd4 Bg6 52. Ne6 e3 53. Nxg7 e2 54. Ne6 e1Q 55. Nf4 Qe4+ 56. c4 Qxf4 0-1

[Event "GER Cup Net V4 U1600"]
[Site "Playchess.com INT"]
[Date "2020.05.31"]
[Round "3"]
[White "Nelles, Werner"]
[Black "Lang, Dirk"]
[Result "1-0"]
[WhiteElo "1428"]
[BlackElo "1238"]
[PlyCount "99"]
[EventDate "2020.05.31"]
[EventType "swiss (blitz)"]
[EventRounds "9"]
[EventCountry "GER"]
[SourceTitle "EXT 2021"]
[Source "ChessBase"]
[SourceDate "2020.10.23"]
[SourceVersion "1"]
[SourceVersionDate "2020.10.23"]
[SourceQuality "1"]

1. e4 e6 2. Nf3 d5 3. e5 c5 4. Bb5+ Bd7 5. a4 a6 6. Bxd7+ Qxd7 7. Nc3 Nc6 8. d3 Nge7 9. Bd2 Nf5 10. 0-0 Be7 11. Bg5 0-0 12. Bxe7 Qxe7 13. Qe2 d4 14. Ne4 b6 15. c3 f6 16. cxd4 Ncxd4 17. Nxd4 Nxd4 18. Qd1 fxe5 19. Rc1 Rf5 20. Qg4 Raf8 21. h3 h5 22. Qd1 R8f7 23. f3 g5 24. Kh1 g4 25. fxg4 Rxf1+ 26. Qxf1 Rxf1+ 27. Rxf1 hxg4 28. Ng3 gxh3 29. gxh3 Qg7 30. Kg2 Nf5 31. Rf3 Nxg3 32. Rxg3 c4 33. Rxg7+ Kxg7 34. dxc4 Kf6 35. Kf3 Kf5 36. Ke3 e4 37. h4 Ke5 38. h5 Kf6 39. Kxe4 Kg5 40. h6 Kxh6 41. Ke5 Kg7 42. Kxe6 Kg6 43. Kd6 Kf5 44. Kc6 Ke4 45. Kxb6 Kd4 46. c5 Kc4 47. c6 Kb4 48. c7 a5 49. c8Q Kxa4 50. Qc4# 1-0

[Event "GER Cup Net V3 U1600"]
[Site "Playchess.com INT"]
[Date "2020.05.27"]
[Round "7"]
[White "Schneider, Martin3333"]
[Black "Nelles, Werner"]
[Result "0-1"]
[WhiteElo "1571"]
[BlackElo "1403"]
[PlyCount "38"]
[EventDate "2020.05.27"]
[EventType "swiss (blitz)"]
[EventRounds "9"]
[EventCountry "GER"]
[SourceTitle "EXT 2021"]
[Source "ChessBase"]
[SourceDate "2020.10.23"]
[SourceVersion "1"]
[SourceVersionDate "2020.10.23"]
[SourceQuality "1"]

1. e4 e5 2. Nf3 Nc6 3. d4 exd4 4. Nxd4 Nf6 5. Nxc6 dxc6 6. e5 Qxd1+ 7. Kxd1 Ne4 8. Be3 b6 9. Bd3 Bf5 10. f3 0-0-0 11. fxe4 Bxe4 12. Ke2 Bg6 13. Bxg6 hxg6 14. Nc3 Bc5 15. Rad1 Bxe3 16. Kxe3 Rde8 17. Rdf1 f5 18. Kf4 Rh4+ 19. Kg5 Rg4# 0-1

[Event "Rheinland Pfalz op 11th"]
[Site "Weilerbach"]
[Date "2019.06.20"]
[Round "2"]
[White "Nelles, Werner"]
[Black "Lachnit, Manfred"]
[Result "1/2-1/2"]
[WhiteElo "1416"]
[BlackElo "1707"]
[PlyCount "119"]
[EventDate "2019.06.20"]
[EventType "swiss"]
[EventRounds "7"]
[EventCountry "GER"]
[SourceTitle "CBM 191 Extra"]
[Source "ChessBase"]
[SourceDate "2019.09.30"]
[SourceVersion "1"]
[SourceVersionDate "2019.09.30"]
[SourceQuality "1"]

1. e4 e6 2. Nc3 d5 3. exd5 exd5 4. d4 Nf6 5. Bg5 Be7 6. Qe2 0-0 7. 0-0-0 Bg4 8. f3 Bf5 9. g4 Be6 10. h4 h6 11. Qh2 Bd6 12. Qh3 Nbd7 13. Bd3 c5 14. Nge2 c4 15. Bf5 Re8 16. Rde1 a6 17. Bxe6 fxe6 18. Nf4 Bxf4+ 19. Bxf4 Qb6 20. Be3 Qc7 21. g5 Nh5 22. gxh6 g6 23. Qg4 Nf8 24. Rhg1 b5 25. Qxh5 b4 26. h7+ Kh8 27. Ne2 gxh5 28. Bf4 Qf7 29. Be5+ Kxh7 30. Rg7+ Qxg7 31. Bxg7 Kxg7 32. Nf4 Kh6 33. Re5 b3 34. axb3 cxb3 35. c3 Nd7 36. Rxh5+ Kg7 37. Rg5+ Kf7 38. Nd3 Rg8 39. f4 Rxg5 40. hxg5 Kg6 41. Kd2 Rh8 42. Ke2 Rh2+ 43. Kf3 Rh3+ 44. Ke2 Rxd3 45. Kxd3 Kf5 46. c4 dxc4+ 47. Kxc4 Nb6+ 48. Kxb3 Nd5 49. Ka4 Nxf4 50. Ka5 Kxg5 51. Kxa6 Nd5 52. Kb5 Kf5 53. Kc5 Ke4 54. b3 Kd3 55. Kd6 Nf4 56. Ke5 Kc3 57. Kxf4 Kxd4 58. Kf3 e5 59. Ke2 e4 60. b4 1/2-1/2

[Event "Pfalz-ch HT1 87th"]
[Site "Landau"]
[Date "2018.03.25"]
[Round "3"]
[White "Nelles, Werner"]
[Black "Morgenthaler, Michael"]
[Result "1-0"]
[WhiteElo "1290"]
[BlackElo "1493"]
[PlyCount "79"]
[EventDate "2018.03.23"]
[EventType "swiss"]
[EventRounds "7"]
[EventCountry "GER"]
[SourceTitle "EXT 2019"]
[Source "ChessBase"]
[SourceDate "2018.10.10"]
[SourceVersion "1"]
[SourceVersionDate "2018.10.10"]
[SourceQuality "1"]

1. e4 e6 2. Bc4 Nc6 3. c3 b6 4. d4 Be7 5. b4 Bb7 6. Qf3 Rb8 7. Bf4 Bg5 8. Ne2 a6 9. Qg3 Bxf4 10. Nxf4 g6 11. Nd2 Nge7 12. Nf3 0-0 13. 0-0 Na7 14. Rfe1 d5 15. exd5 Nf5 16. Qh3 Bxd5 17. Bxd5 exd5 18. Re5 c6 19. g4 Ng7 20. Rae1 Qf6 21. Qg3 Rbe8 22. Rxe8 Rxe8 23. Rxe8+ Nxe8 24. Ne5 Nd6 25. Qe3 b5 26. f3 Nc4 27. Nxc4 dxc4 28. Qe5 Qd8 29. g5 Qd7 30. Kf2 Nc8 31. h4 Ne7 32. h5 Qd8 33. Qf6 Qf8 34. h6 Nf5 35. Qxc6 Qe7 36. Qc8+ Qf8 37. Qxa6 Qe8 38. Ng2 Qb8 39. f4 Nd6 40. Qc6 1-0